|
|
|
|
| LEADER |
00000cam a2200000 7i4500 |
| 001 |
0000004254 |
| 002 |
000004573 |
| 005 |
20000330.0 |
| 020 |
|
|
|a 1850762945
|
| 090 |
0 |
0 |
|a 929.9
|b LAN
|
| 100 |
1 |
|
|a Langford, Joel
|
| 245 |
1 |
0 |
|a Silver :
|b a practical guide to collecting silverware and identifying hallmarks
|c Joel Langford
|
| 260 |
|
|
|a London :
|b The Apple Press ,
|c 1991
|
| 300 |
|
|
|a 128p. :
|b ill ;
|c 28cm.
|
| 650 |
0 |
0 |
|a Metal-work
|
| 650 |
0 |
0 |
|a Silverware
|x Private collections
|
| 999 |
|
|
|a 025104
|b BUKU
|c PINJAMAN
|e PERPUSTAKAAN KOMUNITI PETALING JAYA
|
| 999 |
|
|
|a 031397
|b BUKU
|c PINJAMAN
|e PERPUSTAKAAN KOMUNITI PETALING JAYA
|
| 999 |
|
|
|a 044321
|b BUKU
|c PINJAMAN
|e PERPUSTAKAAN KOMUNITI PETALING JAYA
|